Análisis de los problemas técnicos en conexiones trifásicas de transformadores de distribución
Guardado en:
| Hovedforfatter: | |
|---|---|
| Andre forfattere: | |
| Format: | Bog |
| Udgivet: |
[San José , Costa Rica]
1996
|
| Fag: | |
| Tags: |
Tilføj Tag
Ingen Tags, Vær først til at tagge denne postø!
|
MARC
| LEADER | 00000nam a2200000Ia 4500 | ||
|---|---|---|---|
| 003 | 007906 | ||
| 005 | 20221231144247.0 | ||
| 008 | 140114s1996 cr a m 000 ||s d | ||
| 040 | |c cru CEDI | ||
| 090 | |a TFG 3448 | ||
| 100 | |a Salas Núñez, Guido Bernal |9 10395 | ||
| 245 | |a Análisis de los problemas técnicos en conexiones trifásicas de transformadores de distribución | ||
| 260 | |c 1996 |a [San José , Costa Rica] | ||
| 300 | |a xii, 77 hojas | ||
| 500 | |a Proyecto de graduación (bachillerato en ingeniería eléctria)--Universidad de Costa Rica. Facultad de Ingeniería. Escuela de Ingeniería Eléctrica | ||
| 650 | |x CORRIENTE TRIFASICA |x TRANSFORMADORES ELECTRICOS |x DISTRIBUCION DE ENERGIA ELECTRICA |9 10396 | ||
| 700 | |a Uribe Guerra, Luis Alberto |9 10397 | ||
| 942 | |c TFG | ||
| 999 | |c 19235 |d 19235 | ||
